000 00725nam a2200253 a 4500
008
020 _a9971512831 (pbk.)
049 _aMAIN
090 _aQA401
_bKRE
100 1 _aKreyszig, Erwin.
245 1 0 _aAdvanced engineering mathematics /
_cErwin Kreyszig.
250 _a8th ed.
260 _aNew York :
_bWiley,
_cc1999.
300 _axvi, 1156, [117] p. :
_bill. ;
_c24 cm.
504 _aIncludes bibliographical references.
500 _aIncludes index.
650 0 _aMathematical physics.
650 0 _aEngineering mathematics.
907 _a.b10120610
_b03-01-11
_c05-05-04
003
005 20230120193555.0
040 _cNUST
942 _cBOOKS
_kQA401
_mKRE
999 _c101525
_d101525